Statistics for Movie Poster Mix-Up #6

Click here to take the quiz!

General Stats

  • This quiz has been taken 947 times
  • The average score is 3 of 12

Answer Stats

Answer% Correct
Mrs. Doubtfire
94%
Treasure Planet
44%
Candyman
43%
Christmas with the Kranks
26%
The Town
22%
Doc Hollywood
19%
Kiss Kiss Bang Bang
15%
Chaos Walking
10%
Payback
9%
Straw Dogs
9%
Wag the Dog
9%
Gods and Monsters
4%

Score Distribution

Percentile by Number Answered

Percent of People with Each Score

Your Score History

You have not taken this quiz